000 00359nam a2200169Ia 4500
001 20451
005 20250626030204.0
008 211022s9999 xx 000 0 und d
082 _a759.4 MAS
100 _aMasini, Lara Vinca
245 0 _aGeorges Braque.
260 _aFirenze
260 _bSadea Sansoni
260 _c1969
300 _a95
942 _cBK
999 _c8166
_d8166